Fr. Conceicao Rodrigues College of Engineering

Electrician theory solved paper (Record no. 22389)

MARC details
000 -LEADER
fixed length control field 00308nam a2200133Ia 4500
100 ## - MAIN ENTRY--PERSONAL NAME
Personal name Kazim/ Amir
245 ## - TITLE STATEMENT
Title Electrician theory solved paper
260 ## - PUBLICATION, DISTRIBUTION, ETC.
Name of publisher, distributor, etc. Kazim prakashan
Place of publication, distribution, etc. Kanpur
Date of publication, distribution, etc. 1977
300 ## - PHYSICAL DESCRIPTION
Extent 196
546 ## - LANGUAGE NOTE
Language note ENGLISH
650 ## - SUBJECT ADDED ENTRY--TOPICAL TERM
Topical term or geographic name entry element Electrical Engineering
654 ## - SUBJECT ADDED ENTRY--FACETED TOPICAL TERMS
Focus term Electrician
942 ## - ADDED ENTRY ELEMENTS (KOHA)
Koha item type BOOK
Holdings
Withdrawn status Lost status Damaged status Not for loan Collection Home library Current library Date acquired Cost, normal purchase price Inventory number Total Checkouts Full call number Barcode Date last seen Cost, replacement price Price effective from Koha item type
        AFT Fr. Agnel's C.Rodrigues College of Engineering Fr. Agnel's C.Rodrigues College of Engineering 17/03/2023 8.50 T-743   AFT2262 17/03/2023 8.50 17/03/2023 BOOK